| 000 | 00455nam a2200145 a 4500 | ||
|---|---|---|---|
| 001 | 4306 | ||
| 003 | CDMR | ||
| 005 | 20131024172257.0 | ||
| 008 | 130130s2008||||||||||||||||||||||||||||d | ||
| 040 |
_aCDMR _bcat _cCPC GIRONA |
||
| 245 | 0 |
_aDesafiaments del segle XXI _b: assaig sobre la igualtat genòmica de l'espècia humana _ccoordinador: Josep Maria Colomer |
|
| 260 |
_c2008 _bCatalunya Fundació Privada |
||
| 490 | 0 | _aBiblioteca Divulgare | |
| 942 |
_cMON _2udc |
||
| 999 |
_c4306 _d4306 |
||